[Event "OL 2013/14"]
[Site "?"]
[Date "2014.04.05"]
[Round "4.2"]
[White "Schmied, David"]
[Black "Lakos, Nikoletta"]
[Result "1/2-1/2"]
[WhiteElo "1829"]
[BlackElo "2285"]
[PlyCount "63"]
[EventDate "2014.04.05"]
[EventType "team"]
[EventRounds "9"]
[EventCountry "AUT"]
[SourceDate "2014.04.05"]
[WhiteTeam "Irdning VI"]
[BlackTeam "Horn Union Ratten IX"]
[WhiteTeamCountry "AUT"]
[BlackTeamCountry "AUT"]

1. Nf3 d6 2. c4 e5 3. d3 Nf6 4. Nc3 c6 5. g3 Be7 6. Bg2 O-O 7. O-O a6 8. c5
Nbd7 9. cxd6 Bxd6 10. Be3 h6 11. d4 Ng4 12. Bc1 Qe7 13. h3 Ngf6 14. e3 Rd8 15.
Qc2 Rb8 16. b3 c5 17. dxe5 Nxe5 18. Nxe5 Bxe5 19. Bb2 b6 20. Rfd1 Bb7 21. Rxd8+
Rxd8 22. Rd1 Bxg2 23. Kxg2 Rxd1 24. Qxd1 b5 25. Qd3 Qb7+ 26. f3 Qd7 27. Qxd7
Nxd7 28. f4 Bxc3 29. Bxc3 f5 30. Kf3 Kf7 31. e4 g6 32. g4 1/2-1/2

[Event "OL 2013/14"]
[Site "?"]
[Date "2014.04.05"]
[Round "4.3"]
[White "Peinhopf, Rene"]
[Black "Gampersberger, Herbert"]
[Result "1-0"]
[WhiteElo "2112"]
[BlackElo "1922"]
[PlyCount "139"]
[EventDate "2014.04.05"]
[EventType "team"]
[EventRounds "9"]
[EventCountry "AUT"]
[SourceDate "2014.04.05"]
[WhiteTeam "Horn Union Ratten IX"]
[BlackTeam "Irdning VI"]
[WhiteTeamCountry "AUT"]
[BlackTeamCountry "AUT"]

1. d4 Nf6 2. Nf3 g6 3. g3 Bg7 4. Bg2 O-O 5. O-O d5 6. c4 c6 7. cxd5 cxd5 8. Ne5
Ng4 9. Nxg4 Bxg4 10. Nc3 Be6 11. Qb3 Nc6 12. Qxb7 Nxd4 13. Bf4 Rc8 14. e3 Nc6
15. Rad1 Bxc3 16. bxc3 Qa5 17. c4 g5 18. cxd5 gxf4 19. dxe6 Rc7 20. Qb3 f6 21.
Bxc6 Rxc6 22. exf4 Kg7 23. Rd7 Qc5 24. Qb7 Rxe6 25. Qxa7 Qc2 26. Rxe7+ Rxe7 27.
Qxe7+ Rf7 28. Qe6 Ra7 29. Qb3 Qe4 30. Rb1 Kg6 31. Rc1 Kg7 32. a3 Rb7 33. Qc2
Qf3 34. Qc3 Qe4 35. Re1 Qd5 36. h4 Rb3 37. Qc7+ Kh6 38. Qe7 Kg6 39. Qe4+ Qxe4
40. Rxe4 Rxa3 41. Kg2 Rb3 42. Re3 Rb2 43. Kf3 Ra2 44. Rb3 Ra1 45. Rb5 Rf1 46.
h5+ Kh6 47. Rb6 Kg7 48. Rb7+ Kg8 49. Kg2 Rc1 50. Kh3 Rf1 51. Rb2 Rh1+ 52. Kg4
Rh2 53. Rb6 Kg7 54. Rb7+ Kg8 55. Kf5 Rxh5+ 56. Kxf6 Rh6+ 57. Kg5 Rg6+ 58. Kh5
Rf6 59. f3 Rf5+ 60. Kg4 Rf6 61. f5 Rc6 62. f4 Rc3 63. Kh4 Rf3 64. Rb4 Rc3 65.
g4 Rc7 66. g5 Rc1 67. Rb8+ Kg7 68. Rb7+ Kg8 69. g6 h6 70. f6 1-0

[Event "OL 2013/14"]
[Site "?"]
[Date "2014.04.05"]
[Round "4.4"]
[White "Schiestl, Josef"]
[Black "Peinhopf, Max"]
[Result "0-1"]
[WhiteElo "1765"]
[BlackElo "1894"]
[Annotator ",om"]
[PlyCount "75"]
[EventDate "2014.04.05"]
[EventType "team"]
[EventRounds "9"]
[EventCountry "AUT"]
[SourceDate "2014.04.05"]
[WhiteTeam "Irdning VI"]
[BlackTeam "Horn Union Ratten IX"]
[WhiteTeamCountry "AUT"]
[BlackTeamCountry "AUT"]

1. e4 d5 2. exd5 Qxd5 3. Nc3 Qa5 4. d4 c6 5. Bd3 Nf6 6. Nge2 Bg4 7. h3 Bh5 8.
Bd2 Qd8 9. Be3 e6 10. Qd2 Bb4 11. a3 Bd6 12. Bg5 Nbd7 13. Ng3 Qb6 14. Nxh5 Nxh5
15. O-O-O h6 16. Be3 Qa5 17. Ne4 Qxd2+ 18. Bxd2 Be7 19. g4 Nhf6 20. f4 O-O-O
21. Rhf1 Nxe4 22. Bxe4 Nf6 23. Bf3 Rxd4 24. Be3 Rxd1+ 25. Rxd1 a6 26. Bf2 Rd8
27. Re1 Bd6 28. Be3 Nd5 29. Bxd5 exd5 30. Rf1 Re8 31. Bd4 g6 32. Be5 Bc5 33. h4
h5 34. g5 Kd7 35. Kd2 Ke6 36. Kd3 Kf5 37. c4 dxc4+ 38. Kxc4 {Zeit} 0-1

[Event "OL 2013/14"]
[Site "?"]
[Date "2014.04.05"]
[Round "4.5"]
[White "Sobl, Siegfried"]
[Black "Lux , Herbert"]
[Result "1-0"]
[WhiteElo "1788"]
[BlackElo "1744"]
[PlyCount "93"]
[EventDate "2014.04.05"]
[EventType "team"]
[EventRounds "9"]
[EventCountry "AUT"]
[SourceDate "2014.04.05"]
[WhiteTeam "Horn Union Ratten IX"]
[BlackTeam "Irdning VI"]
[WhiteTeamCountry "AUT"]
[BlackTeamCountry "AUT"]

1. d4 Nf6 2. c4 g6 3. Nc3 Bg7 4. e4 d6 5. f3 O-O 6. Bg5 h6 7. Be3 e5 8. d5 c5
9. Qd2 Kh7 10. Nge2 b5 11. cxb5 a6 12. bxa6 Bxa6 13. Ng3 Nbd7 14. Bxa6 Rxa6 15.
O-O Ng8 16. Qc2 Qb8 17. a4 Nb6 18. Nb5 Nxa4 19. Nxd6 Qxd6 20. Rxa4 Rxa4 21.
Qxa4 Rb8 22. Qc2 Bf8 23. Rc1 Rc8 24. b4 c4 25. Bc5 Qd8 26. Qxc4 h5 27. Qb3 h4
28. Nf1 Qg5 29. Be3 Qd8 30. Rxc8 Qxc8 31. d6 Kg7 32. Qd5 f6 33. b5 Qd7 34. Bc5
Qxb5 35. h3 Qd7 36. Ne3 Nh6 37. Nc4 Nf7 38. Nb6 Qd8 39. d7 Bxc5+ 40. Qxc5 f5
41. Qc6 fxe4 42. fxe4 Qg5 43. Nd5 Qd8 44. Nc7 Ng5 45. Qd6 Kh6 46. Ne6 Qa5 47.
Qf8+ 1-0

[Event "OL 2013/14"]
[Site "?"]
[Date "2014.04.05"]
[Round "4.6"]
[White "Lichtenegger, Wilfried"]
[Black "Enk, Hans-Peter"]
[Result "0-1"]
[WhiteElo "1742"]
[BlackElo "1783"]
[PlyCount "90"]
[EventDate "2014.04.05"]
[EventType "team"]
[EventRounds "9"]
[EventCountry "AUT"]
[SourceDate "2014.04.05"]
[WhiteTeam "Irdning VI"]
[BlackTeam "Horn Union Ratten IX"]
[WhiteTeamCountry "AUT"]
[BlackTeamCountry "AUT"]

1. e4 c5 2. Nf3 e6 3. d4 cxd4 4. Nxd4 a6 5. Bc4 Nc6 6. O-O Nf6 7. Nc3 Be7 8.
Be3 O-O 9. a3 Ne5 10. Be2 b5 11. b3 Bb7 12. f3 Rc8 13. Qd2 Qc7 14. Nd1 d5 15.
exd5 Nxd5 16. Bf2 Rfd8 17. Nb2 Nc3 18. Bd3 Bd6 19. h3 Qe7 20. Ne2 Nxd3 21. Nxd3
Nxe2+ 22. Qxe2 Bxa3 23. Rad1 Bd6 24. Rd2 Bb8 25. Rfd1 h6 26. b4 Qc7 27. Kf1 Bd5
28. Be3 Bc4 29. Qf2 Qh2 30. Qg1 Qd6 31. Qf2 Qxb4 32. Kg1 Bxd3 33. Rxd3 Rxd3 34.
cxd3 Bd6 35. g4 Qb3 36. Qe2 Rc2 37. Rd2 Rxd2 38. Qxd2 Bb4 39. Qe2 a5 40. Bd4
Bc3 41. Bf2 a4 42. Qe4 Qd5 43. Qe3 a3 44. d4 b4 45. f4 a2 0-1

[Event "OL 2013/14"]
[Site "?"]
[Date "2014.04.05"]
[Round "4.7"]
[White "Kubinger, Franz"]
[Black "Do Quoc, Khanh"]
[Result "0-1"]
[WhiteElo "1686"]
[BlackElo "1626"]
[PlyCount "158"]
[EventDate "2014.04.05"]
[EventType "team"]
[EventRounds "9"]
[EventCountry "AUT"]
[SourceDate "2014.04.05"]
[WhiteTeam "Horn Union Ratten IX"]
[BlackTeam "Irdning VI"]
[WhiteTeamCountry "AUT"]
[BlackTeamCountry "AUT"]

1. f4 e5 2. fxe5 d6 3. Nf3 Bg4 4. e4 dxe5 5. Be2 Nc6 6. O-O Bc5+ 7. Kh1 Nf6 8.
d3 Qd7 9. a3 O-O 10. b4 Bb6 11. Bg5 Qe6 12. c3 h6 13. Bh4 Rad8 14. Qc2 Rd7 15.
Nbd2 Bh5 16. Bxf6 Qxf6 17. Nc4 Bxf3 18. Rxf3 Qe6 19. a4 a5 20. Nxb6 cxb6 21. b5
Ne7 22. Raf1 Ng6 23. Rg3 Rdd8 24. Bg4 Qd6 25. Rd1 Nf4 26. d4 exd4 27. cxd4 Qb4
28. d5 Rfe8 29. Bf3 Nxd5 30. Rb1 Qc3 31. Qc1 Qxc1+ 32. Rxc1 Nf4 33. Rg4 Nd3 34.
Rf1 Ne5 35. Rf4 Rd4 36. Bd1 Re7 37. Bb3 Rb4 38. Bc2 Nc4 39. Rc1 Ne3 40. Bd3 g6
41. h3 Rb2 42. Bf1 Nxf1 43. Rcxf1 Rb4 44. Rd1 Rxa4 45. Rd6 Ra1+ 46. Kh2 a4 47.
Rd8+ Kg7 48. Ra8 Rb1 49. Rxa4 Rxb5 50. Kg3 Rb3+ 51. Rf3 b5 52. Rd4 Rb2 53. Rdd3
b4 54. Rb3 Rxb3 55. Rxb3 Rxe4 56. Kf3 Rc4 57. Ke2 h5 58. g3 Rc3 59. Rxb4 Rxg3
60. h4 Rg4 61. Rxb7 Rxh4 62. Kf3 Ra4 63. Kg3 g5 64. Rb3 Kg6 65. Rb6+ f6 66. Rb3
h4+ 67. Kh3 Kh5 68. Rb8 g4+ 69. Kh2 Ra2+ 70. Kh1 Kg5 71. Rb4 f5 72. Rc4 g3 73.
Rb4 f4 74. Rb5+ Kg4 75. Rb3 Kh3 76. Rb1 Rh2+ 77. Kg1 f3 78. Rb4 f2+ 79. Kf1
Rh1+ 0-1

[Event "OL 2013/14"]
[Site "?"]
[Date "2014.04.05"]
[Round "4.8"]
[White "Petter, Helmut"]
[Black "Pichler , Stefan"]
[Result "1-0"]
[WhiteElo "1554"]
[BlackElo "1316"]
[PlyCount "116"]
[EventDate "2014.04.05"]
[EventType "team"]
[EventRounds "9"]
[EventCountry "AUT"]
[SourceDate "2014.04.05"]
[WhiteTeam "Irdning VI"]
[BlackTeam "Horn Union Ratten IX"]
[WhiteTeamCountry "AUT"]
[BlackTeamCountry "AUT"]

1. e4 e5 2. Bc4 Nf6 3. Nc3 Bc5 4. Qe2 d6 5. d3 O-O 6. Nf3 Bg4 7. h3 Bd7 8. Bg5
c6 9. a3 Qe7 10. O-O-O b5 11. Ba2 Be6 12. Nh4 Bxa2 13. Nxa2 Nbd7 14. Nf5 Qe6
15. Nc3 Rab8 16. d4 exd4 17. Nxd4 Bxd4 18. Rxd4 d5 19. exd5 Qxe2 20. Nxe2 Nxd5
21. Nf4 N5f6 22. Rhd1 h6 23. Bxf6 Nxf6 24. Rd6 Rbc8 25. f3 a5 26. Ne2 Nd5 27.
Nd4 Ne7 28. Re1 Rcd8 29. Rxd8 Rxd8 30. Rxe7 Rxd4 31. c3 Rd6 32. Kc2 a4 33. Re2
Kf8 34. b3 axb3+ 35. Kxb3 c5 36. a4 bxa4+ 37. Kxa4 f6 38. Kb5 Rd8 39. Kxc5 Rc8+
40. Kb4 Rb8+ 41. Kc4 Rc8+ 42. Kb3 Rb8+ 43. Kc2 Rc8 44. Re4 Kf7 45. Kd3 Rd8+ 46.
Rd4 Rxd4+ 47. Kxd4 Ke6 48. g3 Kd6 49. f4 g6 50. g4 Kc6 51. f5 gxf5 52. gxf5 Kd6
53. c4 Kc6 54. c5 h5 55. h4 Kd7 56. Kd5 Kc7 57. Ke6 Kc6 58. Kxf6 Kxc5 1-0

[Event "OL 2013/14"]
[Site "?"]
[Date "2014.04.05"]
[Round "5.1"]
[White "Benda, Herbert"]
[Black "Schwab, Franz"]
[Result "1-0"]
[WhiteElo "2211"]
[BlackElo "1829"]
[PlyCount "39"]
[EventDate "2014.04.05"]
[EventType "team"]
[EventRounds "9"]
[EventCountry "AUT"]
[SourceDate "2014.04.05"]
[WhiteTeam "Rottenmann II"]
[BlackTeam "Trofaiach/Niklasdorf VIII"]
[WhiteTeamCountry "AUT"]
[BlackTeamCountry "AUT"]

1. e4 e6 2. d4 d5 3. Nc3 Be7 4. e5 c5 5. Qg4 g6 6. dxc5 Nc6 7. Nf3 Bxc5 8. Bb5
Qb6 9. O-O Bd7 10. a4 a5 11. Qh4 Nge7 12. Bg5 Nf5 13. Qf4 Be7 14. Rad1 h6 15.
Bf6 Rg8 16. Bxe7 Kxe7 17. g4 g5 18. Qxf5 Qxf2+ 19. Rxf2 exf5 20. Nxd5+ 1-0

[Event "OL 2013/14"]
[Site "?"]
[Date "2014.04.05"]
[Round "5.2"]
[White "Schneeberger, Bernhard"]
[Black "Egger, Andreas"]
[Result "0-1"]
[WhiteElo "1824"]
[BlackElo "2127"]
[PlyCount "104"]
[EventDate "2014.04.05"]
[EventType "team"]
[EventRounds "9"]
[EventCountry "AUT"]
[SourceDate "2014.04.05"]
[WhiteTeam "Trofaiach/Niklasdorf VIII"]
[BlackTeam "Rottenmann II"]
[WhiteTeamCountry "AUT"]
[BlackTeamCountry "AUT"]

1. d4 Nf6 2. c4 e6 3. Nc3 d5 4. e3 Be7 5. Nf3 b6 6. cxd5 exd5 7. Be2 O-O 8. O-O
Bb7 9. a3 Nbd7 10. b4 c6 11. Bb2 Bd6 12. h3 Re8 13. Rc1 Qe7 14. Qc2 a5 15. bxa5
Rxa5 16. a4 Rea8 17. Ra1 Ne4 18. Bd3 f5 19. Ra2 b5 20. Rfa1 b4 21. Nd1 Nb6 22.
Bc1 g6 23. Nd2 Bb8 24. Qb3 Ba6 25. Bxa6 R8xa6 26. Nxe4 fxe4 27. Bd2 Bd6 28. Nb2
Ra8 29. Rc1 Rc8 30. Raa1 Kg7 31. Rc2 Nd7 32. Rac1 Nb8 33. Be1 Rf8 34. Re2 Rf5
35. Qc2 h5 36. Ra1 Qf8 37. Bd2 g5 38. Rf1 g4 39. f4 gxf3 40. gxf3 exf3 41. Rg2+
Kh8 42. Be1 c5 43. Rg6 c4 44. Kf2 Be7 45. Rfg1 Bh4+ 46. Kf1 f2 47. Rg8+ Qxg8
48. Rxg8+ Kxg8 49. Bxb4 Rg5 50. Qxf2 Bxf2 51. Bxa5 Bxe3 52. Bb6 c3 0-1

[Event "OL 2013/14"]
[Site "?"]
[Date "2014.04.05"]
[Round "3.3"]
[White "Mach , Robert"]
[Black "Friesenbichler, Günther"]
[Result "1/2-1/2"]
[WhiteElo "1902"]
[BlackElo "1864"]
[PlyCount "54"]
[EventDate "2014.04.05"]
[EventType "team"]
[EventRounds "9"]
[EventCountry "AUT"]
[SourceDate "2014.04.05"]
[WhiteTeam "Rottenmann II"]
[BlackTeam "Trofaiach/Niklasdorf VIII"]
[WhiteTeamCountry "AUT"]
[BlackTeamCountry "AUT"]

1. e4 d6 2. d4 g6 3. Nf3 Bg7 4. Nc3 c6 5. Be2 Nd7 6. Be3 Ngf6 7. h3 O-O 8. Qd2
Qc7 9. Bh6 b5 10. Bxg7 Kxg7 11. Bd3 h6 12. Qe3 b4 13. Ne2 e5 14. O-O c5 15. c3
a5 16. Rac1 Qb6 17. dxe5 dxe5 18. Bb1 Ba6 19. Rfd1 Rfe8 20. Ng3 Rac8 21. Rd2
Qe6 22. Rcd1 Rc6 23. b3 c4 24. bxc4 Bxc4 25. cxb4 axb4 26. Qa7 Ra6 27. Qb7 Rb8
1/2-1/2

[Event "OL 2013/14"]
[Site "?"]
[Date "2014.04.05"]
[Round "5.4"]
[White "Zink, Manfred"]
[Black "Sölkner, Werner"]
[Result "1-0"]
[WhiteElo "1672"]
[BlackElo "1777"]
[PlyCount "85"]
[EventDate "2014.04.05"]
[EventType "team"]
[EventRounds "9"]
[EventCountry "AUT"]
[SourceDate "2014.04.05"]
[WhiteTeam "Trofaiach/Niklasdorf VIII"]
[BlackTeam "Rottenmann II"]
[WhiteTeamCountry "AUT"]
[BlackTeamCountry "AUT"]

1. d4 g6 2. c4 Bg7 3. Nc3 c5 4. Nf3 cxd4 5. Nxd4 Nc6 6. e3 a6 7. g3 Nf6 8. Bg2
O-O 9. O-O Qc7 10. b3 d6 11. Bb2 Nxd4 12. Qxd4 Ne8 13. Qd2 Be6 14. Rac1 Nf6 15.
Nd5 Bxd5 16. cxd5 Qd7 17. Rc2 Rfc8 18. Rfc1 Rxc2 19. Qxc2 Re8 20. a4 h5 21. h3
Rb8 22. Bd4 b5 23. a5 e5 24. Bb6 Ne8 25. Qc6 Qe7 26. e4 f5 27. h4 f4 28. Bh3 g5
29. Be6+ Kh8 30. Qd7 Qf6 31. Qf7 Qxf7 32. Bxf7 gxh4 33. gxh4 Bf6 34. Bxh5 Bxh4
35. Rc6 Nf6 36. Bf3 Rg8+ 37. Kf1 Ne8 38. Be2 f3 39. Bxf3 Rf8 40. Be2 Nf6 41.
Rxd6 Bxf2 42. Rxf6 Rxf6 43. Bxf2 1-0

[Event "OL 2013/14"]
[Site "?"]
[Date "2014.04.05"]
[Round "5.5"]
[White "Eichinger, Walter"]
[Black "Kamensek, David Michael"]
[Result "1/2-1/2"]
[WhiteElo "1775"]
[BlackElo "1587"]
[PlyCount "94"]
[EventDate "2014.04.05"]
[EventType "team"]
[EventRounds "9"]
[EventCountry "AUT"]
[SourceDate "2014.04.05"]
[WhiteTeam "Rottenmann II"]
[BlackTeam "Trofaiach/Niklasdorf VIII"]
[WhiteTeamCountry "AUT"]
[BlackTeamCountry "AUT"]

1. Nf3 g6 2. d4 d5 3. e3 Nf6 4. Bd3 Bg7 5. c4 c6 6. Nc3 O-O 7. O-O Nbd7 8. Qc2
Nb6 9. b3 Be6 10. c5 Nc8 11. Re1 b6 12. b4 a5 13. Rb1 axb4 14. Rxb4 bxc5 15.
dxc5 Qa5 16. Ra4 Qxc5 17. Rxa8 Nd7 18. Na4 Qb4 19. Ba3 Qxa3 20. Nb6 Na7 21.
Rxf8+ Kxf8 22. Rb1 Qd6 23. Qa4 Nxb6 24. Qxa7 Nc8 25. Qa8 Ke8 26. Ba6 Kd8 27.
Rb8 Qc7 28. Ng5 Bd7 29. Nxf7+ Ke8 30. Bxc8 Kxf7 31. Bxd7 Qxd7 32. Rc8 Qf5 33.
h3 Qb1+ 34. Kh2 Be5+ 35. f4 Bd6 36. Rf8+ Kg7 37. Rg8+ Kf7 38. Rh8 Qe4 39. Rxh7+
Ke6 40. Qc8+ Kf6 41. Qg4 Qxe3 42. Qg5+ Ke6 43. Qxg6+ Kd7 44. Qg4+ Kc7 45. Rf7
Bc5 46. Qd1 d4 47. Rf5 Bd6 1/2-1/2

[Event "OL 2013/14"]
[Site "?"]
[Date "2014.04.05"]
[Round "5.6"]
[White "Pircher, Bernhard"]
[Black "Lindner, Rudolf"]
[Result "1-0"]
[WhiteElo "1554"]
[BlackElo "1571"]
[PlyCount "63"]
[EventDate "2014.04.05"]
[EventType "team"]
[EventRounds "9"]
[EventCountry "AUT"]
[SourceDate "2014.04.05"]
[WhiteTeam "Trofaiach/Niklasdorf VIII"]
[BlackTeam "Rottenmann II"]
[WhiteTeamCountry "AUT"]
[BlackTeamCountry "AUT"]

1. c4 e5 2. Nc3 c6 3. Nf3 d6 4. e4 Nf6 5. d3 Be7 6. Be2 h6 7. Be3 Be6 8. Qd2
Nbd7 9. h3 a6 10. O-O Qc7 11. Rac1 g5 12. Nh2 Nh7 13. Bg4 Bxg4 14. Nxg4 Nhf6
15. Nxf6+ Nxf6 16. d4 Nd7 17. c5 O-O 18. cxd6 Bxd6 19. dxe5 Bxe5 20. f4 gxf4
21. Bxf4 Bxf4 22. Rxf4 Qb6+ 23. Kh1 Ne5 24. Rf6 Rad8 25. Qxh6 Ng6 26. Rc2 Qd4
27. Rcf2 Rd7 28. R2f5 Re8 29. h4 Qd2 30. Rxg6+ fxg6 31. Qxg6+ Rg7 32. Qxe8+ 1-0

[Event "OL 2013/14"]
[Site "?"]
[Date "2014.04.05"]
[Round "5.7"]
[White "Hellinger, Adolf"]
[Black "Judmaier, Wolfgang"]
[Result "1/2-1/2"]
[WhiteElo "1397"]
[BlackElo "1372"]
[PlyCount "111"]
[EventDate "2014.04.05"]
[EventType "team"]
[EventRounds "9"]
[EventCountry "AUT"]
[SourceDate "2014.04.05"]
[WhiteTeam "Rottenmann II"]
[BlackTeam "Trofaiach/Niklasdorf VIII"]
[WhiteTeamCountry "AUT"]
[BlackTeamCountry "AUT"]

1. b3 c5 2. Bb2 Nc6 3. e3 a6 4. Nf3 e6 5. c4 Nf6 6. d4 cxd4 7. Nxd4 Bb4+ 8. Bc3
Bxc3+ 9. Nxc3 O-O 10. Nxc6 bxc6 11. Bd3 d5 12. O-O Bb7 13. cxd5 cxd5 14. Rc1 g6
15. h3 d4 16. exd4 Qxd4 17. Be2 Rfd8 18. Qxd4 Rxd4 19. Rfd1 Rxd1+ 20. Nxd1 Nd5
21. Bf3 Rb8 22. a3 Nf4 23. Rc3 Bxf3 24. Rxf3 Ne2+ 25. Kf1 Nd4 26. Rc3 Rxb3 27.
Rxb3 Nxb3 28. Ke1 Kf8 29. Nc3 Ke7 30. Ke2 f5 31. h4 Kd6 32. Kd3 e5 33. f3 h6
34. g3 g5 35. Ne2 a5 36. Ng1 Kd5 37. hxg5 hxg5 38. Nh3 g4 39. fxg4 fxg4 40. Ng5
Nd4 41. Ne4 Ke6 42. a4 Kf5 43. Nd6+ Ke6 44. Nc4 Nb3 45. Ke4 Nc5+ 46. Ke3 Nxa4
47. Nxa5 Kf5 48. Nc6 Nc5 49. Ne7+ Ke6 50. Ng6 Kf6 51. Nh4 Kg5 52. Ng2 Kf5 53.
Nh4+ Kg5 54. Ng2 Ne6 55. Ke4 Kf6 56. Ne3 1/2-1/2